Music Quiz

Random Music or Song Quiz

Let's Get Counting! (Clips) Quiz Stats

 Plays Quiz not verified by Sporcle

Also try: Solo Beatles Hits
Challenge
Share
Tweet
Score 0/20 Timer 10:00
0 Plays Today
Time Song % Correct
01:42Sweet Home Alabama
89.9%
01:52ABC
87.4%
02:34Hey Ya!
83.8%
00:18Vertigo
78.1%
00:54Are You Gonna Be My Girl
76.6%
01:13Pretty Fly (For A White Guy)
69.3%
00:27I Saw Her Standing There
46.8%
00:34I Know You Want Me (Calle Ocho)
46.6%
00:00You Get What You Give
44.6%
02:02Bodies
43.6%
Time Song % Correct
01:33Raspberry Beret
40.5%
01:23Nuthin But A G Thang
28.3%
00:10Major Tom (Coming Home)
24.3%
03:04Give Peace A Chance
23.5%
02:12The Ocean
22.4%
00:44Land Of 1000 Dances
17.7%
02:54Wheels
11.9%
02:44Rockaway Beach
10.1%
01:05Mr. Lee
8.1%
02:24Warsaw
2.3%

You're not logged in!

Compare scores with friends on all Sporcle quizzes.
OR
Log In

You Might Also Like...

Show Comments

Extras

Top Quizzes Today


Score Distribution

Your Account Isn't Verified!

In order to create a playlist on Sporcle, you need to verify the email address you used during registration. Go to your Sporcle Settings to finish the process.

Report this User

Report this user for behavior that violates our Community Guidelines.

Details: